000 00482nam a2200181Ia 4500
003 GCL
008 140319s9999 xx 000 0 eng d
040 _aGCL /
_cGCL
082 0 4 _aCC
_b932.03
_bB D
100 1 _aBUNSON, MARGARET
245 1 0 _aA DICTIONARY OF ANCIENT EGYPT /
_cBUNSON, MARGARET
260 _a[S.N] :
_bORIGINALLY PUBLISHED ،
_c1991
300 _a291 P
650 0 4 _aANTIQUITIES
650 0 4 _aANCIENT EGYPT
650 0 4 _aEGYPT - CIVILIZATION
942 _2ddc
_cBK
999 _c11833
_d11833